[Event "Match"]
[Site "www.echecsemail.com"]
[Date "2016.07.26"]
[Round "1"]
[White "Caspito"]
[Black "Jhzes"]
[WhiteElo "1860"]
[BlackElo "1870"]
[Result "1-0"]
[Round "1"]
1.e4 d6
2.d4 e6
3.Nb1c3 b6
4.Qd1f3 Bc8a6
5.Bf1xa6 Nb8xa6
6.a3 f6
7.Ng1e2 Bf8e7
8.Qf3h5 g6
9.Qh5b5 Kf7
10.Qb5xa6 c6
11.Qa6d3 g5
12.Qd3f3 h5
13.Bc1d2 g4
14.Qf3g3 d5
15.e5 f5
16.O-O-O Be7h4
17.Qg3d3 c5
18.Qd3a6 c4
19.Ne2f4 Qd8e7
20.Nc3b5 Ng8h6
21.Nb5d6 Kg8
22.Nf4g6 Qe7g7
23.Ng6xh8 Kxh8
24.Qa6b7 Qg7xb7
25.Nd6xb7 Bh4xf2
26.Bd2xh6 Kh7
27.Bh6f4 a5
28.g3 b5
29.Rd1d2 Bf2xd4
30.Rd2xd4 b4
31.a4 Ra8a7
32.Nb7c5 b3
33.Nc5xe6 bxc2
34.Rd4xd5 { resign }
1-0

[Event "Match"]
[Site "www.echecsemail.com"]
[Date "2016.07.26"]
[Round "1"]
[White "Wagner"]
[Black "Sachpat"]
[WhiteElo "1810"]
[BlackElo "1809"]
[Result "0-1"]
[Round "1"]
1.Ng1f3 Ng8f6
2.d4 g6
3.Bc1f4 Bf8g7
4.c3 O-O
5.h3 d6
6.Nb1d2 c5
7.g4 Nb8c6
8.Qd1b3 Nc6a5
9.Qb3c2 cxd4
10.cxd4 Nf6d5
11.e3 Bc8d7
12.a3 Nd5xf4
13.exf4 Ra8c8
14.Qc2d1 Bd7e6
15.Rh1g1 Qd8b6
16.b4 Na5c6
17.Qd1a4 Nc6xd4
18.Bf1d3 Nd4xf3
19.Nd2xf3 Bg7xa1
20.Ke2 Ba1d4
21.f5 Be6d5
22.Rg1g2 Rc8c3
23.Rg2g3 Bd4xf2
24.Kd2 Qb6e3
{ resign }
0-1

[Event "1/128 Finale"]
[Site "www.chess-mail.com"]
[Date "2016.07.26"]
[Round "1"]
[White "Jhzes"]
[Black "Mrfreeze"]
[WhiteElo "1880"]
[BlackElo "1499"]
[Result "0-1"]
[Round "1"]
1.e4 d5
2.c3 dxe4
3.Qd1a4 Nb8c6
4.Bf1c4 Ng8f6
5.Qa4b3 e6
6.Ng1e2 Bc8d7
7.Qb3xb7 Ra8b8
8.Qb7a6 Rb8b6
9.Qa6a4 Nc6e5
10.Qa4c2 Ne5xc4
11.b3 Nc4e5
12.O-O Bf8e7
13.Bc1b2 Ne5d3
14.Bb2a3 O-O
15.Ne2g3 Bd7c6
16.Ba3xe7 Qd8xe7
17.c4 Nf6g4
18.h3 Ng4xf2
19.Rf1xf2 Nd3xf2
20.Kxf2 Qe7f6
21.Kg1 Qf6xa1
22.Ng3xe4 Qa1d4
23.Ne4f2 Rf8d8
{ resign }
0-1

[Event "1/128 Finale"]
[Site "www.chess-mail.com"]
[Date "2016.07.26"]
[Round "1"]
[White "Picifarkinca"]
[Black "Sachpat"]
[WhiteElo "1960"]
[BlackElo "2229"]
[Result "0-1"]
[Round "1"]
1.Ng1f3 c5
2.c4 Ng8f6
3.Nb1c3 Nb8c6
4.g3 e6
5.e4 d5
6.e5 Nf6d7
7.Qd1a4 Nd7b6
8.Qa4d1 Nb6xc4
9.Bf1xc4 dxc4
10.O-O b6
11.Qd1a4 Qd8d7
12.Qa4xc4 Bc8b7
13.Rf1e1 Nc6b4
14.Qc4e2 Nb4c2
15.Ra1b1 Ra8d8
16.Re1d1 Qd7c6
17.Kg2 Nc2d4
{ resign }
0-1

[Event "Fast Game"]
[Site "www.echecsemail.com"]
[Date "2016.07.26"]
[Round "1"]
[White "Fvdp"]
[Black "Fkarpov"]
[WhiteElo "1829"]
[BlackElo "1890"]
[Result "1/2-1/2"]
[Round "1"]
1.e4 e5
2.Ng1f3 Ng8f6
3.d4 Nf6xe4
4.Bf1d3 d5
5.Nf3xe5 Bf8b4
6.c3 Bb4d6
7.Nb1d2 Bd6xe5
8.dxe5 Ne4c5
9.Bd3c2 O-O
10.O-O Rf8e8
11.f4 a5
12.Qd1h5 h6
13.Nd2f3 Nb8c6
14.Bc1e3 b6
15.Nf3d4 Nc6xd4
16.Be3xd4 Qd8d7
17.f5 Bc8a6
18.Rf1f4 Nc5d3
19.Bc2xd3 Ba6xd3
20.f6 Bd3g6
21.Qh5h4 Re8e6
22.fxg7 Kxg7
23.Ra1f1 Ra8e8
24.Rf4f6 c5
25.Bd4e3 h5
26.Be3f4 d4
27.Qh4g5 Kg8
28.Qg5h6 dxc3
29.bxc3 Qd7d5
30.a3 { draw }
1/2-1/2

[Event "Tourn. n8735"]
[Site "www.chess-mail.com"]
[Date "2016.07.27"]
[Round "1"]
[White "Andregor"]
[Black "Seger"]
[WhiteElo "2630"]
[BlackElo "2740"]
[Result "1/2-1/2"]
[Round "1"]
1.e4 d6
2.d4 Ng8f6
3.Nb1c3 e6
4.Ng1f3 Bf8e7
5.Bf1d3 Nb8c6
6.Bc1e3 O-O
7.O-O Nc6b4
8.Bd3e2 c5
9.a3 cxd4
10.Nf3xd4 Nb4c6
11.f4 e5
12.fxe5 dxe5
13.Nd4f5 Bc8xf5
14.Rf1xf5 Ra8c8
15.Be2d3 Qd8d6
16.Rf5f2 Kh8
17.Qd1f3 Nc6d4
18.Qf3g3 Qd6e6
19.h3 Rc8d8
20.Ra1f1 a6
21.Be3g5 Nf6h5
22.Qg3h4 Be7xg5
23.Qh4xg5 Nh5f4
24.Nc3d5 Nd4c6
25.Nd5xf4 exf4
26.Qg5f5 Rf8e8
27.Rf2xf4 Nc6e5
28.Qf5xe6 Re8xe6
29.Rf1d1 h6
30.Bd3e2 Rd8xd1
31.Be2xd1 Kg8
32.b3 Re6d6
33.Bd1h5 g6
34.Bh5g4 Ne5xg4
35.hxg4 Rd6e6
36.Kf2 g5
37.Rf4f5 Re6xe4
38.Rf5f6 Re4xg4
39.Rf6b6 Rg4d4
40.c4 Rd4d2
41.Kf3 h5
42.Rb6xb7 Kg7
43.c5 Kf6
44.Rb7a7 g4
45.Kf4 Rd2xg2
46.Ra7xa6 Ke7
47.b4 Rg2f2
48.Kg3 Rf2f3
49.Kh2 f5
{ draw }
1/2-1/2

[Event "Tourn. n8832"]
[Site "www.chess-mail.com"]
[Date "2016.07.27"]
[Round "1"]
[White "Julian"]
[Black "Kampungboy"]
[WhiteElo "2050"]
[BlackElo "1849"]
[Result "0-1"]
[Round "1"]
1.e4 e5
2.Ng1f3 Nb8c6
3.Bf1b5 Nc6d4
4.Bb5c4 Bf8c5
5.c3 Nd4xf3
6.Qd1xf3 Ng8f6
7.O-O O-O
8.d4 exd4
9.cxd4 Bc5xd4
10.Nb1c3 c6
11.Bc1g5 d6
12.Ra1d1 Bd4e5
13.h3 Bc8e6
14.Bc4xe6 fxe6
15.Qf3d3 d5
16.exd5 exd5
17.Rf1e1 Qd8d6
18.Re1e3 Nf6d7
19.Re3f3 Rf8xf3
20.Qd3xf3 Ra8e8
21.Nc3e2 Be5xb2
22.Ne2g3 Qd6g6
23.h4 h6
24.Bg5e3 Nd7e5
25.Qf3h5 Qg6xh5
26.Ng3xh5 Ne5c4
27.Be3d4 Bb2xd4
28.Rd1xd4 Re8e5
29.Nh5g3 c5
30.Rd4g4 d4
31.f4 Re5e1
32.Kf2 Re1a1
33.Ng3f5 Ra1xa2
34.Kf3 Ra2a3
35.Ke4 Kf8
36.Nf5xg7 d3
37.Ng7e6 Ke7
38.Ne6xc5 d2
39.Rg4g7 Kf6
40.Rg7d7 Ra3e3
41.Kd4 d1Q
42.Kxc4 Qd1c2
43.Kd4 Qc2d2
44.Kc4 Re3c3
{ resign }
0-1

[Event "Tourn. n8828"]
[Site "www.chess-mail.com"]
[Date "2016.07.27"]
[Round "1"]
[White "Madz123456"]
[Black "Julian"]
[WhiteElo "2240"]
[BlackElo "2060"]
[Result "0-1"]
[Round "1"]
1.e4 c5
2.Nb1c3 Nb8c6
3.Ng1f3 e5
4.Bf1c4 d6
5.d3 Bc8e6
6.Nc3d5 Ng8f6
7.Nf3g5 Be6xd5
8.Bc4xd5 Nf6xd5
9.exd5 Nc6d4
10.c3 Nd4f5
11.Qd1a4 Qd8d7
12.Qa4xd7 Kxd7
13.Ng5xf7 Rh8g8
14.Nf7g5 h6
15.Ng5e4 Bf8e7
16.O-O Ra8f8
17.Bc1d2 g5
18.b4 cxb4
{ time. }
0-1

[Event "Tourn. n8849"]
[Site "www.chess-mail.com"]
[Date "2016.07.27"]
[Round "1"]
[White "Bichoraro92"]
[Black "Passaroa25"]
[WhiteElo "1499"]
[BlackElo "1580"]
[Result "1-0"]
[Round "1"]
1.d4 c6
2.e4 d6
3.f4 Nb8d7
4.Ng1f3 Nd7b6
5.Bf1d3 f6
6.O-O Bc8e6
7.c4 Nb6xc4
8.Nb1c3 Be6f7
9.Qd1e2 Nc4b6
10.e5 d5
11.f5 e6
12.fxe6 Bf7xe6
13.exf6 gxf6
14.Qe2xe6 Qd8e7
15.Rf1e1 Qe7xe6
16.Re1xe6 Bf8e7
17.Bc1f4 Kd7
18.Ra1e1 Ra8e8
19.Bd3f5 Kd8
20.b3 h5
21.Nf3h4 Nb6d7
22.Bf4d6 Rh8h6
23.Nh4g6 Be7xd6
24.Re6xe8 Kc7
25.Re8xg8 a5
26.Rg8g7 Rh6xg6
27.Bf5xg6 Bd6f8
28.Rg7f7 Kb6
29.Rf7xd7 Bf8b4
30.Nc3a4 Kb5
31.Bg6d3 
1-0

[Event "Tourn. n8805"]
[Site "www.chess-mail.com"]
[Date "2016.07.27"]
[Round "1"]
[White "Raven16"]
[Black "Hundegana"]
[WhiteElo "2170"]
[BlackElo "1980"]
[Result "1-0"]
[Round "1"]
1.e4 c5
2.Ng1f3 d6
3.d4 cxd4
4.Nf3xd4 Qd8c7
5.Nb1c3 a6
6.Bc1e3 g6
7.Bf1e2 Bf8g7
8.O-O Nb8c6
9.Be2f3 Nc6e5
10.Nc3d5 Qc7d8
11.Ra1c1 e6
12.Nd5b4 Ng8e7
13.Nb4d3 Ne5xd3
14.cxd3 O-O
15.Qd1d2 e5
16.Nd4e2 Bc8e6
17.Ne2c3 Ra8c8
18.Be3h6 Qd8d7
19.Bh6xg7 Kxg7
20.d4 Be6g4
21.Bf3d1 Bg4xd1
22.Rf1xd1 f6
23.dxe5 fxe5
24.Qd2xd6 Qd7xd6
25.Rd1xd6 Ne7c6
26.Rd6d7 Rf8f7
27.Rd7xf7 Kxf7
28.Nc3d5 a5
29.f3 Ke6
30.Kf2 Rc8f8
31.Ke3 g5
32.h3 h5
33.Rc1c5 g4
34.hxg4 hxg4
35.Rc5b5 gxf3
36.gxf3 Rf8f7
37.Nd5b6 Rf7h7
38.Nb6c4 Rh7f7
39.Nc4xa5 Nc6xa5
40.Rb5xa5 Rf7d7
41.Ra5b5 Rd7c7
42.Rb5b6 Ke7
43.a4 Kd7
44.f4 exf4
45.Kxf4 Ke7
46.b4 Kd7
47.b5 Ke7
48.a5 Kd7
49.a6 bxa6
50.bxa6 Kc8
51.e5 Rc7f7
52.Kg5 Rf7f1
53.a7 Rf1a1
54.Rb6b8 Kc7
55.a8Q Ra1xa8
56.Rb8xa8 Kd7
57.Ra8a6 Ke7
58.e6 Ke8
59.Ra6a7 Kf8
60.Kf6 Kg8
61.Ra7b7 Kh8
62.Kg6 Kg8
63.Rb7b8 
1-0

[Event "Tourn. n8840"]
[Site "www.chess-mail.com"]
[Date "2016.07.27"]
[Round "1"]
[White "Tartan"]
[Black "Goofy"]
[WhiteElo "2350"]
[BlackElo "2260"]
[Result "1-0"]
[Round "1"]
1.e4 d5
2.exd5 Ng8f6
3.d4 Bc8g4
4.Ng1f3 Qd8xd5
5.Bf1e2 Nb8c6
6.h3 Bg4xf3
7.Be2xf3 Qd5d7
8.O-O O-O-O
9.c3 e6
10.Nb1d2 Bf8e7
11.Nd2c4 Rd8g8
12.Qd1b3 g5
13.Nc4e5 Qd7e8
14.Ne5xc6 bxc6
15.Qb3a4 Kb7
16.Qa4b5 Kc8
17.Bf3xc6 { resign }
1-0

[Event "Tourn. n8849"]
[Site "www.chess-mail.com"]
[Date "2016.07.27"]
[Round "1"]
[White "Passaroa25"]
[Black "Cal"]
[WhiteElo "1580"]
[BlackElo "1610"]
[Result "0-1"]
[Round "1"]
1.e4 e5
2.Ng1e2 Nb8c6
3.c3 Ng8f6
4.f3 h6
5.Ne2g3 g6
6.d3 d6
7.Nb1d2 Bf8e7
8.Nd2b3 h5
9.Bf1e2 a6
10.Qd1c2 Bc8e6
11.Bc1e3 b6
12.O-O O-O
13.Be3f2 d5
14.Nb3d2 d4
15.Nd2c4 b5
16.Nc4d2 a5
17.b3 h4
18.Ng3h1 dxc3
19.Bf2xh4 Nc6d4
20.Qc2d1 cxd2
21.Qd1xd2 Nf6h5
22.g3 Be6h3
23.Bh4xe7 Qd8xe7
24.Rf1e1 c5
25.g4 Nh5f4
26.Nh1f2 Qe7h4
27.Be2f1 Nd4xf3
28.Kh1 Nf3xd2
29.Bf1xh3 Qh4xf2
30.Re1f1 Nd2xf1
31.Bh3xf1 Kg7
32.a4 Rf8h8
33.h3 Nf4xh3
34.Bf1g2 Nh3f4
{ resign }
0-1

[Event "Tourn. n8884"]
[Site "www.chess-mail.com"]
[Date "2016.07.27"]
[Round "1"]
[White "Nulladies"]
[Black "Jhzes"]
[WhiteElo "1720"]
[BlackElo "1920"]
[Result "0-1"]
[Round "1"]
1.d4 d5
2.Bc1f4 Nb8c6
3.Ng1f3 Bc8f5
4.e3 Nc6b4
5.c3 Nb4c2
6.Kd2 Nc2xa1
7.Nb1a3 e5
8.Nf3xe5 Bf8xa3
9.Qd1xa1 Ba3d6
10.Bf1b5 Kf8
11.Qa1d1 c6
12.Bb5d3 Bf5xd3
13.Kxd3 f6
14.Ne5g4 Bd6xf4
15.exf4 h5
16.Ng4e3 g5
17.fxg5 fxg5
18.Qd1f3 Ng8f6
19.Rh1e1 b6
20.g4 c5
21.gxh5 Rh8xh5
22.Ne3g4 Kg7
23.Ng4xf6 c4
24.Kc2 Rh5xh2
25.Nf6xd5 Qd8d6
26.Re1h1 Ra8f8
27.Qf3e4 Rf8xf2
28.Kc1 Rh2xh1
29.Qe4xh1 Qd6f8
30.Nd5e3 Qf8f4
31.Qh1b7 Kh6
32.Qb7h1 Rf2h2
33.Qh1c6 Kh5
34.Qc6e6 Rh2h1
{ resign }
0-1

[Event "Tourn. n8856"]
[Site "www.chess-mail.com"]
[Date "2016.07.27"]
[Round "1"]
[White "Faerieking"]
[Black "Seger"]
[WhiteElo "2260"]
[BlackElo "2710"]
[Result "0-1"]
[Round "1"]
1.e4 e6
2.d4 d5
3.Nb1c3 Ng8f6
4.Bc1g5 Bf8b4
5.e5 h6
6.Bg5d2 Bb4xc3
7.bxc3 Nf6e4
8.Qd1g4 g6
9.Bf1d3 Ne4xd2
10.Kxd2 c5
11.h4 c4
12.Bd3xg6 fxg6
13.Qg4xg6 Kd7
14.Qg6g7 Kc6
15.g3 Qd8f8
16.Qg7xf8 Rh8xf8
17.f4 Kc7
18.a4 Nb8c6
19.a5 Rf8g8
20.Ng1e2 Nc6e7
21.Ke3 Ne7f5
22.Kf2 Bc8d7
23.Rh1g1 Rg8g4
{ resign }
0-1

[Event "Tourn. n8889"]
[Site "www.chess-mail.com"]
[Date "2016.07.27"]
[Round "1"]
[White "Daquata"]
[Black "Mao"]
[WhiteElo "1980"]
[BlackElo "1870"]
[Result "1-0"]
[Round "1"]
1.e4 c5
2.Ng1f3 d6
3.d4 cxd4
4.Nf3xd4 Ng8f6
5.Nb1c3 Nb8c6
6.Bf1b5 a6
7.Nd4xc6 bxc6
8.Bb5xc6 { resign }
1-0

[Event "Tourn. n8869"]
[Site "www.chess-mail.com"]
[Date "2016.07.27"]
[Round "1"]
[White "Madz123456"]
[Black "Yangqi"]
[WhiteElo "2270"]
[BlackElo "2680"]
[Result "0-1"]
[Round "1"]
1.e4 c5
2.Ng1f3 e6
3.d4 cxd4
4.Nf3xd4 a6
5.Nb1c3 Qd8c7
6.Bf1d3 Bf8d6
7.Qd1g4 h5
8.Qg4g5 Bd6e7
9.Qg5g3 d6
{ time. }
0-1

[Event "Tourn. n8860"]
[Site "www.chess-mail.com"]
[Date "2016.07.27"]
[Round "1"]
[White "Cal"]
[Black "Gatrooper"]
[WhiteElo "1610"]
[BlackElo "1620"]
[Result "1-0"]
[Round "1"]
1.h3 d5
2.d4 h6
3.Ng1f3 Nb8c6
4.e3 a6
5.a3 Ng8f6
6.Nb1c3 Nf6e4
7.Nc3xe4 dxe4
8.b4 exf3
9.Qd1xf3 Qd8d6
10.c4 e6
11.Bf1d3 Bf8e7
12.O-O f6
13.c5 Qd6d8
14.Bc1d2 g5
15.Bd3g6 Kf8
16.Qf3h5 Rh8g8
17.Qh5xh6 Rg8g7
18.f4 f5
19.Ra1b1 Be7f6
20.Rf1f3 Ke7
21.fxg5 Bf6xd4
22.exd4 Qd8f8
23.Bd2f4 Bc8d7
24.Bf4xc7 Nc6xd4
25.Bc7d6 Kd8
26.Bd6xf8 Nd4xf3
27.gxf3 Rg7g8
28.Bg6f7 Rg8xf8
29.Qh6f6 Kc7
30.Qf6e5 Kd8
31.g6 Kc8
32.Bf7xe6 Bd7xe6
33.Qe5xe6 Kb8
34.Qe6d6 Ka7
35.Qd6b6 Kb8
36.c6 Ra8a7
37.c7 Ka8
38.Rb1d1 Rf8c8
39.Rd1d8 { resign }
1-0

[Event "Match"]
[Site "www.echecsemail.com"]
[Date "2016.07.27"]
[Round "1"]
[White "Jhzes"]
[Black "Darknight"]
[WhiteElo "1840"]
[BlackElo "1730"]
[Result "1-0"]
[Round "1"]
1.e4 e5
2.Ng1f3 d6
3.Bf1c4 h6
4.O-O Bc8g4
5.h3 Bg4h5
6.c3 g5
7.g4 Bh5g6
8.d3 Nb8d7
9.Bc1e3 Qd8f6
10.Nb1d2 a6
11.d4 O-O-O
12.d5 Bf8e7
13.b4 Kb8
14.Qd1e2 b6
15.Bc4xa6 Ka7
16.a4 Rd8b8
17.a5 Be7d8
18.axb6 Rb8xb6
19.Be3xb6 cxb6
20.Ba6c8 Kb8
21.Qe2a6 Nd7c5
22.Qa6a8 Kc7
23.Qa8c6 Kb8
24.Ra1a8 
1-0

[Event "Match"]
[Site "www.echecsemail.com"]
[Date "2016.07.27"]
[Round "1"]
[White "Guidom"]
[Black "Karpov35"]
[WhiteElo "2030"]
[BlackElo "1809"]
[Result "1/2-1/2"]
[Round "1"]
1.e4 g6
2.d4 d6
3.c3 Bf8g7
4.Ng1f3 Nb8d7
5.Bf1c4 Nd7b6
6.Bc4b3 Ng8f6
7.Qd1e2 O-O
8.O-O Bc8g4
9.h3 Bg4xf3
10.Qe2xf3 e5
11.dxe5 dxe5
12.Bc1g5 h6
13.Rf1d1 Qd8e7
14.Bg5h4 Nb6d7
15.Rd1xd7 Qe7xd7
16.Bh4xf6 Qd7d6
17.Bf6xg7 Kxg7
18.Nb1a3 c6
19.Ra1d1 Qd6e7
20.Qf3g4 Ra8d8
21.Rd1xd8 Rf8xd8
22.Na3c4 b5
23.Nc4e3 Kf8
24.Qg4e2 h5
25.c4 Qe7b4
26.Ne3f1 Rd8d4
27.cxb5 cxb5
28.f3 a5
29.Bb3d5 f5
30.a3 Qb4c5
31.Kh2 b4
32.axb4 Rd4xb4
33.b3 f4
34.Qe2a6 Rb4b6
35.Qa6a8 Ke7
36.Qa8a7 Kd8
37.Qa7g7 Qc5d6
38.Nf1d2 Qd6e7
39.Qg7h8 Kc7
40.Nd2c4 Rb6xb3
41.Nc4xe5 Rb3b1
42.Ne5c6 Qe7h4
43.Qh8e5 Kd7
44.Qe5e6 Kc7
45.Qe6e7 Qh4xe7
46.Nc6xe7 Rb1b6
47.Bd5f7 Rb6b2
48.Ne7xg6 a4
49.Ng6xf4 a3
50.Nf4d5 Kd6
51.Nd5c3 h4
52.Bf7d5 Ke5
53.Nc3d1 Rb2d2
54.Nd1c3 Rd2c2
55.Nc3a2 Kf4
56.Bd5g8 Ke3
57.Bg8d5 Kf4
58.Na2b4 Rc2d2
59.Nb4a2 Rd2c2
{ draw }
1/2-1/2

[Event "Match"]
[Site "www.echecsemail.com"]
[Date "2016.07.27"]
[Round "1"]
[White "Canario"]
[Black "Jhzes"]
[WhiteElo "1860"]
[BlackElo "1809"]
[Result "0-1"]
[Round "1"]
1.e4 e6
2.d4 d5
3.e5 c5
4.Bf1b5 Bc8d7
5.Bb5xd7 Nb8xd7
6.Ng1f3 cxd4
7.Qd1xd4 Bf8c5
8.Qd4g4 g6
9.a3 h5
10.Qg4g5 Qd8b6
11.O-O Ng8e7
12.b4 Bc5d4
13.Nf3xd4 Qb6xd4
14.c3 Qd4xe5
15.Qg5xe5 Nd7xe5
16.Bc1f4 Ne5d3
17.Bf4d6 Ra8d8
18.Bd6xe7 Kxe7
19.Nb1d2 b5
20.Nd2f3 h4
21.Nf3d4 Rd8d6
22.Nd4xb5 Rd6d7
23.Ra1d1 Nd3e5
24.Nb5d4 g5
25.Rf1e1 Ne5g6
26.Nd4c6 Kd6
27.Nc6d4 g4
28.Nd4b5 Kc6
29.Nb5d4 Kb7
30.a4 e5
31.Nd4f5 f6
32.Nf5e3 Ng6f4
33.Ne3xg4 Rd7g7
34.h3 e4
35.Kh2 f5
36.Ng4e3 Rh8g8
37.Re1g1 Nf4e2
38.Rg1e1 Ne2xc3
39.Rd1a1 f4
40.Ne3f5 Rg7xg2
41.Kh1 Rg2xf2
42.Nf5xh4 Rg8g3
43.Nh4f5 Rg3xh3
44.Kg1 Rf2h2
45.a5 Rh2h1
{ resign }
0-1

[Event "Match"]
[Site "www.echecsemail.com"]
[Date "2016.07.27"]
[Round "1"]
[White "Drawlward"]
[Black "Pinehill"]
[WhiteElo "1809"]
[BlackElo "2050"]
[Result "1-0"]
[Round "1"]
1.e4 d5
2.exd5 Ng8f6
3.c4 e6
4.dxe6 Bc8xe6
5.Ng1f3 Bf8c5
6.d4 Bc5b4
7.Nb1c3 Qd8e7
8.Bc1e3 c6
9.Bf1d3 Nb8d7
10.O-O Bb4xc3
11.bxc3 O-O
12.Qd1c2 h6
13.Rf1e1 Qe7a3
14.Qc2b3 Qa3a6
15.h3 Rf8d8
16.Bd3f1 b6
17.d5 cxd5
18.cxd5 Be6xd5
19.Bf1xa6 { resign }
1-0

[Event "Match"]
[Site "www.echecsemail.com"]
[Date "2016.07.27"]
[Round "1"]
[White "Karlgrocer"]
[Black "Karpov35"]
[WhiteElo "2030"]
[BlackElo "1809"]
[Result "0-1"]
[Round "1"]
1.Ng1f3 g6
2.d4 Bf8g7
3.e3 d6
4.Bf1e2 Ng8f6
5.O-O O-O
6.Nb1d2 b6
7.a3 Bc8b7
8.c4 Nb8d7
9.Ra1b1 c5
10.d5 e6
11.e4 e5
12.b3 Nf6h5
13.Nf3e1 Nh5f4
14.Nd2f3 Nd7f6
15.Bc1xf4 exf4
16.Qd1c2 Qd8e7
17.Be2d3 Nf6d7
18.a4 Nd7e5
19.Nf3xe5 Bg7xe5
20.Ne1f3 Be5g7
21.Rf1e1 g5
22.Qc2e2 Ra8e8
23.Qe2a2 g4
24.Nf3d2 Qe7g5
25.f3 Bg7d4
26.Kh1 g3
27.h3 Bb7c8
28.Re1e2 Qg5h5
29.b4 Bc8xh3
30.gxh3 Qh5xh3
{ resign }
0-1

[Event "Match"]
[Site "www.echecsemail.com"]
[Date "2016.07.27"]
[Round "1"]
[White "Ericleo1980"]
[Black "Pare123"]
[WhiteElo "2130"]
[BlackElo "1980"]
[Result "1-0"]
[Round "1"]
1.e4 c5
2.Ng1f3 Nb8c6
3.d4 cxd4
4.Nf3xd4 e5
5.Nd4b5 Qd8a5
6.Nb1c3 a6
7.Nb5d6 Bf8xd6
8.Qd1xd6 Ng8e7
9.Bc1g5 f6
10.Bg5e3 O-O
11.Bf1c4 Kh8
12.O-O Qa5d8
13.Be3c5 b6
14.Bc5a3 Ne7g6
15.h4 Rf8e8
16.Bc4f7 Re8e7
17.Bf7d5 Bc8b7
18.h5 Ng6f4
19.Bd5xc6 Re7e6
20.Bc6xb7 Re6xd6
21.Ba3xd6 Ra8a7
22.Bb7d5 Nf4xh5
23.g3 Qd8e8
24.Kg2 Qe8g6
25.Nc3e2 f5
26.Bd6b8 Nh5f4
27.Ne2xf4 exf4
28.Bb8xa7 Qg6g4
29.exf5 Qg4xf5
30.Bd5f3 fxg3
31.fxg3 Qf5xc2
32.Rf1f2 Qc2c7
33.Ra1e1 g6
34.Re1e8 Kg7
35.Ba7b8 { resign }
1-0

[Event "Match"]
[Site "www.echecsemail.com"]
[Date "2016.07.27"]
[Round "1"]
[White "Jhzes"]
[Black "Silent1"]
[WhiteElo "2390"]
[BlackElo "1840"]
[Result "1/2-1/2"]
[Round "1"]
1.e4 c5
2.Bf1c4 d6
3.b3 Ng8f6
4.Nb1c3 e5
5.Bc1b2 Bf8e7
6.Ng1f3 h6
7.d3 O-O
8.Qd1d2 a6
9.Nc3e2 Bc8d7
10.O-O-O Nb8c6
11.h3 Nc6b4
12.a4 Bd7e6
13.Bc4xe6 fxe6
14.c3 Nb4c6
15.Ne2g3 a5
16.Nf3h2 b6
17.Nh2f3 Nc6a7
18.c4 Na7c6
19.Nf3h4 Kh7
20.Rh1f1 Qd8e8
21.f4 exf4
22.Rf1xf4 g5
23.Rf4g4 Nf6xg4
24.hxg4 gxh4
25.Ng3h5 Be7g5
26.Qd2xg5 Qe8g6
27.Nh5f6 Rf8xf6
28.Qg5xf6 Qg6g5
29.Rd1d2 Qg5xf6
30.Bb2xf6 Ra8g8
31.Bf6xh4 Rg8xg4
32.g3 Nc6d4
33.Kb2 Nd4f3
34.Rd2f2 Nf3xh4
35.gxh4 Kg7
36.Rf2h2 e5
37.h5 { draw }
1/2-1/2

[Event "Match"]
[Site "www.echecsemail.com"]
[Date "2016.07.27"]
[Round "1"]
[White "Cal"]
[Black "Bichoraro92"]
[WhiteElo "1650"]
[BlackElo "1499"]
[Result "0-1"]
[Round "1"]
1.c4 e5
2.e4 Bf8c5
3.a3 d6
4.d3 Ng8e7
5.Bc1d2 a6
6.h3 O-O
7.Nb1c3 f5
8.exf5 Bc8xf5
9.Ng1f3 Nb8c6
10.Bf1e2 Nc6d4
11.Nf3xd4 Bc5xd4
12.O-O Ne7g6
13.Nc3d5 c6
14.Nd5b4 Qd8h4
15.Bd2e3 Ng6f4
16.Nb4c2 Bf5xh3
17.g3 Qh4g5
18.Rf1e1 Bd4xe3
19.Nc2xe3 Nf4xe2
20.Qd1xe2 Rf8f6
21.Kh2 Rf6h6
22.Kg1 Ra8f8
23.b4 Rf8f4
24.Ne3g2 Bh3xg2
25.Kxg2 Rf4h4
26.Re1h1 Rh4xh1
27.Ra1xh1 Rh6xh1
28.Kxh1 Qg5c1
29.Kg2 Qc1xa3
30.Qe2d2 Qa3a1
31.Qd2e3 Qa1d4
32.Qe3e2 d5
33.cxd5 cxd5
34.f3 b6
35.Kh3 h6
36.f4 exf4
37.Qe2e6 Kf8
38.gxf4 Qd4xd3
39.Kg4 Qd3d1
40.Kg3 Qd1b3
41.Kh4 Qb3xb4
42.Qe6c8 Kf7
43.Kg4 Qb4d6
44.Qc8f5 Ke7
45.Kf3 b5
46.Qf5d3 b4
47.Qd3b3 a5
48.Qb3e3 Kd7
49.Qe3a7 Qd6c7
50.Qa7d4 Kc6
51.f5 Kb5
52.Qd4xd5 Qc7c5
53.Qd5b7 Kc4
54.Qb7xg7 Qc5xf5
55.Ke3 Qf5g5
56.Qg7xg5 hxg5
{ resign }
0-1

[Event "1/128 Finale"]
[Site "www.chess-mail.com"]
[Date "2016.07.27"]
[Round "1"]
[White "Gatrooper"]
[Black "Madz123456"]
[WhiteElo "1710"]
[BlackElo "2270"]
[Result "1-0"]
[Round "1"]
1.e4 c5
2.c4 Nb8c6
3.Ng1f3 e5
4.a3 Bf8e7
5.h3 d6
6.Nb1c3 Ng8f6
7.Nc3b5 Nf6xe4
8.d3 Ne4f6
9.Bc1g5 Bc8e6
10.Bg5xf6 Be7xf6
11.Bf1e2 a6
12.Nb5c3 { time. }
1-0

[Event "Tourn. n8830"]
[Site "www.chess-mail.com"]
[Date "2016.07.28"]
[Round "1"]
[White "Bigrezi"]
[Black "Kampungboy"]
[WhiteElo "1780"]
[BlackElo "1970"]
[Result "0-1"]
[Round "1"]
1.e4 e5
2.Ng1f3 Nb8c6
3.Bf1b5 Nc6d4
4.Nf3xd4 exd4
5.O-O Bf8c5
6.Bb5c4 h5
7.d3 c6
8.Qd1f3 Qd8f6
9.Qf3xf6 Ng8xf6
10.a3 O-O
11.Bc1f4 d5
12.exd5 Nf6xd5
13.Bf4g3 b5
14.Bc4a2 Rf8e8
15.Nb1d2 Bc8e6
16.Rf1e1 Ra8d8
17.Re1e2 a5
18.Ra1e1 a4
19.Nd2e4 Bc5e7
20.h3 h4
21.Bg3e5 b4
22.Ba2xd5 cxd5
23.Ne4d2 bxa3
24.bxa3 Be7xa3
25.Be5xd4 Ba3e7
26.Re1a1 a3
27.Ra1a2 Rd8b8
28.Kf1 Rb8b4
29.c3 Rb4b7
30.Ke1 Re8b8
31.Ra2a1 Rb7b2
32.c4 dxc4
33.dxc4 a2
34.Bd4xb2 Rb8xb2
35.Kd1 Be7f6
36.Ra1c1 Bf6c3
37.Nd2e4 Rb2xe2
38.Ne4xc3 Re2xf2
39.Ke1 Rf2xg2
40.Kd1 Rg2g1
41.Kc2 Rg1xc1
42.Kxc1 a1Q
43.Nc3b1 Be6f5
{ resign }
0-1

[Event "Tourn. n8818"]
[Site "www.chess-mail.com"]
[Date "2016.07.28"]
[Round "1"]
[White "Passaroa25"]
[Black "Daquata"]
[WhiteElo "1520"]
[BlackElo "1730"]
[Result "0-1"]
[Round "1"]
1.e4 e5
2.Ng1e2 Ng8f6
3.Ne2g3 d5
4.f3 Nb8c6
5.c3 dxe4
6.Ng3xe4 Nf6xe4
7.fxe4 Qd8h4
8.g3 Qh4xe4
9.Qd1e2 Qe4xh1
10.Qe2g2 Qh1xg2
11.Bf1xg2 Bc8d7
12.d3 O-O-O
13.Nb1d2 Bf8c5
14.Nd2e4 Bc5b6
15.Ne4g5 Rd8f8
16.Bc1d2 f6
17.Ng5e4 Bd7f5
18.O-O-O Rf8d8
19.Bd2e3 Bb6xe3
20.Kc2 Rh8e8
21.Bg2f3 Rd8d7
22.h4 Re8d8
23.g4 Bf5xe4
24.Bf3xe4 g6
25.b4 Kb8
26.h5 Nc6e7
27.hxg6 hxg6
28.Rd1e1 Be3f4
29.a4 f5
30.gxf5 gxf5
31.Be4f3 Rd7xd3
32.Re1d1 Rd3xd1
33.Bf3xd1 Rd8xd1
34.Kxd1 e4
35.c4 Bf4e5
36.b5 f4
37.Ke2 f3
38.Kf2 Be5d4
39.Kf1 e3
40.a5 e2
41.Ke1 Bd4c3
42.Kf2 e1Q
43.Kxf3 Ne7f5
44.a6 Qe1e3
45.Kg4 Nf5e7
46.axb7 Qe3e4
{ resign }
0-1

[Event "Tourn. n8877"]
[Site "www.chess-mail.com"]
[Date "2016.07.28"]
[Round "1"]
[White "Hansen"]
[Black "Nulladies"]
[WhiteElo "1610"]
[BlackElo "1730"]
[Result "0-1"]
[Round "1"]
1.e4 b6
2.Nb1c3 Bc8b7
3.a3 e6
4.h3 Ng8f6
5.d3 Bf8e7
6.g4 d5
7.Bc1g5 h6
8.Bg5f4 g5
9.Bf4e5 Nb8d7
10.Ng1f3 Nd7xe5
11.Nf3d4 Be7c5
12.Nd4f3 Ne5xf3
13.Qd1xf3 dxe4
14.dxe4 Qd8e7
15.Ra1d1 O-O
16.Bf1d3 e5
17.Qf3f5 Bb7c8
18.Qf5f3 Bc8b7
19.h4 Nf6d7
20.hxg5 Qe7xg5
21.Bd3c4 Qg5f4
22.Qf3e2 Ra8d8
23.Nc3d5 Bb7xd5
24.Bc4xd5 Nd7f6
25.f3 Kh7
26.g5 Qf4g3
27.Kf1 Qg3xg5
28.b4 Rd8d6
29.bxc5 bxc5
30.Rh1g1 Qg5f4
31.Rg1g2 Rf8d8
32.c4 c6
33.Kf2 Nf6xd5
34.cxd5 cxd5
35.Rg2g4 Qf4h2
36.Rg4g2 Qh2h4
37.Kf1 dxe4
38.Rg2g4 Rd6xd1
39.Kg2 Qh4h1
40.Kf2 Rd1d2
41.Qe2xd2 Rd8xd2
42.Kg3 Qh1h2
{ resign }
0-1

[Event "Tourn. n8840"]
[Site "www.chess-mail.com"]
[Date "2016.07.28"]
[Round "1"]
[White "Raven16"]
[Black "Goofy"]
[WhiteElo "2240"]
[BlackElo "2260"]
[Result "0-1"]
[Round "1"]
1.e4 d5
2.exd5 Ng8f6
3.d4 Bc8g4
4.Bf1e2 Bg4xe2
5.Ng1xe2 Qd8xd5
6.O-O Nb8c6
7.Nb1c3 Qd5h5
8.Ne2g3 Qh5xd1
9.Rf1xd1 O-O-O
10.Bc1e3 e6
11.Rd1d2 h6
12.a3 Nf6g4
13.Ra1d1 Ng4xe3
14.fxe3 f5
15.d5 exd5
16.Ng3xf5 g6
17.Nf5h4 d4
18.exd4 Nc6xd4
19.Nh4xg6 Bf8c5
20.Kh1 Rh8g8
21.Ng6e7 Bc5xe7
22.Rd2xd4 Rg8f8
23.Rd4xd8 Be7xd8
24.Kg1 Bd8g5
25.Nc3e4 Bg5e3
26.Kh1 Rf8f4
27.Ne4g3 Rf4f2
28.Rd1e1 Rf2xc2
29.Ng3f5 Rc2c1
30.Re1xc1 Be3xc1
31.b3 Kd7
32.Kg1 Ke6
33.Nf5d4 Ke5
34.Nd4b5 c6
35.Nb5xa7 Bc1e3
{ resign }
0-1

[Event "Tourn. n8857"]
[Site "www.chess-mail.com"]
[Date "2016.07.28"]
[Round "1"]
[White "Julian"]
[Black "Kampungboy"]
[WhiteElo "2050"]
[BlackElo "2190"]
[Result "0-1"]
[Round "1"]
1.e4 c5
2.Ng1f3 d6
3.c3 Ng8f6
4.d3 g6
5.h3 Bf8g7
6.Bc1e3 O-O
7.g3 Nb8c6
8.Bf1g2 b5
9.a3 a5
10.O-O Bc8a6
11.Rf1e1 b4
12.axb4 axb4
13.cxb4 Nc6xb4
14.d4 Nf6xe4
15.Nb1c3 Ba6b7
16.Ra1xa8 Qd8xa8
17.Nc3xe4 Bb7xe4
18.dxc5 Nb4d3
19.Nf3g5 Be4xg2
20.Qd1xd3 h6
21.f3 Bg2xf3
22.Ng5xf3 Qa8xf3
23.cxd6 Qf3xg3
24.Kf1 Rf8d8
25.dxe7 Qg3f3
26.Kg1 Rd8xd3
27.e8Q Kh7
28.Be3f2 Bg7d4
29.Bf2xd4 Qf3g3
30.Kh1 Qg3xh3
31.Kg1 Rd3g3
32.Kf2 Qh3g2

0-1